LEADER 01083nam a2200265 i 4500 001 000000138877 003 CaOOAMICUS 005 20221222142326.0 008 050512s1992 it u000 u ita u 013 $a112832 020 $a88-07-09034-1 040 $aSeMil$bita 100 1 $aBencivenga, Ermanno <1950- >.$0(OLS)http://semarc/name/34800 245 10$aOltre la tolleranza :$bPer una proposta politica esigente /$cErmanno Bencivenga. 260 $aMilano :$bFeltrinelli,$c1992. 300 $a142 p. ;$c20 cm. 650 4$aPolitica e morale.$0(OLS)http://semarc/subject/5052 650 4$aIndividuo e società.$0(OLS)http://semarc/subject/5183 850 $aSeMil 852 $aSeMil$W1$xVenegono$y1$m52 7 5 *$j92318$B92318$CSeMilBibl$Z2$F98349 $81 961 $aLascito: Corradi mons. Enrico 996 $6020$a88-07-09034-1$9(OLS)http://semarc/number/126813 996 $6245$aOltre la tolleranza :$bPer una proposta politica esigente$9(OLS)http://semarc/title/202963 996 $6260$aMilano :$bFeltrinelli$9(OLS)http://semarc/publisher/30237 LEADER 01274nam a2200289 i 4500 001 000000077231 003 CaOOAMICUS 005 20110131000000.0 008 110131s2000 it u000 u ita u 013 $a48403 020 $a88-250-0895-5 040 $aSeMil$bita 245 10$aPellegrini alla porta della misericordia /$ca cura di Manlio Sodi. 260 $aPadova :$bAbbazia di Santa Giustina,$ccopyr 2000. 260 $aPadova :$bMessaggero,$ccopyr 2000. 300 $a283 p. :$b1 [ill.] ;$c24 cm. 490 0 $aQuaderni di Rivista liturgica. Serie 3. ;$v2 650 4$aGiubilei - Studi.$0(OLS)http://semarc/subject/10824 700 1 $aSodi, Manlio,$c.$0(OLS)http://semarc/name/180 830 0$aQuaderni di Rivista liturgica. Serie 3. ;$v2.$0(OLS)http://semarc/title/618 850 $aSeMil 852 $aSeMil$W1$xVenegono$y1$m3K V 243$j43383$B43383$CSeMilBibl$Z2$F43408 $81 961 $aOmaggio: Mariani don Giovanni 996 $6020$a88-250-0895-5$9(OLS)http://semarc/number/58764 996 $6245$aPellegrini alla porta della misericordia$9(OLS)http://semarc/title/125384 996 $6260$aPadova :$bMessaggero$9(OLS)http://semarc/publisher/29786 996 $6260$aPadova :$bAbbazia di Santa Giustina$9(OLS)http://semarc/publisher/29796